La responsabilidad profesional de los agentes de la construcción: Artículo 2003 N§3 Código Civil y artículo 18 de la Ley General de Urbanismo y Construcciones
Kaydedildi:
| Yazar: | |
|---|---|
| Materyal Türü: | Kitap |
| Dil: | İspanyolca |
| Baskı/Yayın Bilgisi: |
Santiago
LexisNexis
2004
|
| Edisyon: | 1a. ed |
| Konular: | |
| Etiketler: |
Etiketle
Etiket eklenmemiş, İlk siz ekleyin!
|
MARC
| LEADER | 00000nam a2200000 a 4500 | ||
|---|---|---|---|
| 001 | UCK2667 | ||
| 003 | CL-VaPUC | ||
| 008 | 050311e20040000CL |||||||||||||||||spa|d | ||
| 020 | |a 9562384985 | ||
| 082 | 0 | 4 | |a 346.8302 |b URR |2 21 |
| 100 | 0 | |a Urrejola Santa María, Sergio |e author |9 490546 | |
| 245 | 1 | 3 | |a La responsabilidad profesional de los agentes de la construcción: Artículo 2003 N§3 Código Civil y artículo 18 de la Ley General de Urbanismo y Construcciones |
| 250 | |a 1a. ed | ||
| 300 | |a 114 p | ||
| 942 | |c BK | ||
| 945 | |d 20050311 00:00:00 |a cmena | ||
| 260 | |a Santiago |b LexisNexis |c 2004 | ||
| 650 | 7 | |a RESPONSABILIDAD CIVIL |2 CL-VaPUC |9 490547 | |
| 650 | 7 | |a CONSTRUCCIONES |2 CL-VaPUC |9 262690 | |
| 650 | 0 | |a Responsabilidad contractual |9 256720 | |
| 650 | 0 | |a Derecho civil chileno |9 320612 | |
| 650 | 0 | |a Jurisprudencia |9 255952 | |
| 583 | |a last modification |c 20050311 00:00:00 |k Rodrigo Vera | ||
| 999 | |c 312101 |d 312099 | ||
| 952 | |0 0 |1 0 |4 0 |6 346_830200000000000_URR_2004 |7 0 |8 A |9 381971 |a BIBDER |b BIBDER |d 2019-11-21 |i 4097688 |o 346.8302 URR 2004 |p 4097688 |r 2023-01-25 |w 2019-11-21 |y BK |k DER | ||
| 952 | |0 0 |1 0 |4 0 |6 346_830200000000000_URR_2004 |7 0 |8 A |9 381972 |a BIBDER |b BIBDER |d 2019-11-21 |i 4104560 |l 3 |m 1 |o 346.8302 URR 2004 |p 4104560 |r 2023-01-25 |s 2022-10-03 |w 2019-11-21 |y BK |k DER | ||